000 00364 a2200169 4500
001 73651
020 _a850300487-9
040 _cAnchieta - Colégio São Paulo
100 _aRego, José Lins
240 1 0 _aEurídice
_lpor
245 1 0 _aEurídice
300 _a161
362 0 _a1993
440 1 _aJosé Olympio
650 4 _aFicção brasileira
942 _cBK
999 _c73651
_d73651